000 00286nam a2200109Ia 4500
001 588898
005 20250717120839.0
008 250717s9999 xx 000 0 und d
245 0 _aY-7 IŞIĞIN EFENDİSİ İBNİ HEYSEM
_cELİF AKARDAŞ
260 _bERDEM YAYINLARI
_c2020
300 _b119
999 _c588898
_d588898